ARRUPE JESUIT UNIVERSITY

CORONAVIRUS -STOP THE SPREAD - CLEAN,DISINFECT,COVER
Normal view MARC view

Entry Topical Term

Number of records used in: 1

001 - CONTROL NUMBER

  • control field: 7417

003 - CONTROL NUMBER IDENTIFIER

  • control field: ARRUPE

005 - DATE AND TIME OF LATEST TRANSACTION

  • control field: 20140130160813.0

008 - FIXED-LENGTH DATA ELEMENTS

  • fixed length control field: 140130|| aca||aabn | a|a d

040 ## - CATALOGING SOURCE

  • Original cataloging agency: ARRUPE
  • Transcribing agency: ARRUPE

150 ## - HEADING--TOPICAL TERM

  • Topical term or geographic name as entry element: Chatholic Church in the United States
  • General subdivision: Catholic Church- Doctrinal and controversial works-Catholic authors

670 ## - SOURCE DATA FOUND

  • Source citation: Work cat.: (ARRUPE): Devine, George 7416, American Catholicism, 1941-

 

Arrupe Library. PO Box MP320 Mt Pleasant, Harare, Zimbabwe
263 242 745411|librarian@aju.ac.zw